000 00615nam a2200205Ia 4500
005 20250923145420.0
008 008 250917s9999 xx 000 0 eng d
037 _aTextual
040 _aDSWL
_beng
_cDSWL
041 _aeng
_2eng
084 _aYx,za;3;6-L8x73, N76
_qDSWL
100 _aTurner, F.J.
_9835068
245 0 _aDifferential diagnosis and treatments in social work
_c by F.J. Turner
260 _aNew York
_b Free Press
_c1976
300 _axv,775 p.
365 _aUSD
_b15 . 95
925 _g15 . 95
942 _cTEXL
_hYx,za;3;6-L8x73, N76
999 _c1451080
_d1451080